The suffering people / (Record no. 65059)

MARC details
000 -LEADER
fixed length control field 00413nam a22001457a 4500
005 - DATE AND TIME OF LATEST TRANSACTION
control field 20180807124638.0
020 ## - INTERNATIONAL STANDARD BOOK NUMBER
Terms of availability 450.00
035 ## - SYSTEM CONTROL NUMBER
System control number B-106960, B-106962
037 ## - SOURCE OF ACQUISITION
Stock number DPL
Source of stock number/acquisition ENG
100 ## - MAIN ENTRY--PERSONAL NAME
Personal name Singh, Balwant
245 ## - TITLE STATEMENT
Title The suffering people /
Statement of responsibility, etc by Balwant Singh
260 ## - PUBLICATION, DISTRIBUTION, ETC. (IMPRINT)
Place of publication, distribution, etc Saharanpur
Name of publisher, distributor, etc Ambedkar Mission Publications
Date of publication, distribution, etc 2002
300 ## - PHYSICAL DESCRIPTION
Extent iii, 349p.
Dimensions 22 cms.
942 ## - ADDED ENTRY ELEMENTS (KOHA)
Source of classification or shelving scheme Dewey Decimal Classification
Item type English Books
Classification part 305.56
Call number suffix BAL
Holdings
Withdrawn status Lost status Not for loan Collection code Home library Current library Date acquired Cost, normal purchase price Full call number Barcode Cost, replacement price Koha item type Source of acquisition
      Non-fiction Sarojini Nagar Sarojini Nagar 16/04/2012 450.00 305.56 BAL B-106960 450.00 English Books  
      Non-fiction Shahdara Branch Shahdara Branch 07/08/2018 450.00 305.56 BAL B-106962 450.00 English Books BPPD/PUB

© Delhi Public Library
Hit Counter
free hit counter